| 000 | 01332nmm a2200433 a 4500 | ||
|---|---|---|---|
| 003 | AR-BaBNM | ||
| 005 | 20251128210026.0 | ||
| 008 | 228119s1998 ||||||||||||||000 | spa|| | ||
| 020 | _a950-12-6125-5 | ||
| 040 | _cAR-BaBNM | ||
| 245 | 1 | 0 |
_aRetratos de familia... en la escuela _benfoques disciplinares y propuestas de enseñanza |
| 250 | _a1ª ed. | ||
| 260 |
_aBuenos Aires _bPaidós _c1998 |
||
| 300 | _a304 p. | ||
| 500 | _aContiene informacion sobre los autores p. 7-8 | ||
| 500 | _aContiene indice p. 9-14 | ||
| 504 | _aContiene bibliografia al final de cada capitulo | ||
| 650 | 4 | _aENSENANZA DE LAS CIENCIAS SOCIALES | |
| 650 | 4 | _aDIDACTICA | |
| 650 | 4 | _aFAMILIA | |
| 650 | 4 | _aRELACION FAMILIA-ESCUELA | |
| 650 | 4 | _aPAPEL DE LA FAMILIA | |
| 650 | 4 | _aCAMBIO SOCIAL | |
| 650 | 4 | _aFUENTES DE INFORMACION | |
| 650 | 4 | _aHISTORIA | |
| 650 | 4 | _aPARENTESCO | |
| 650 | 4 | _aVIDA FAMILIAR | |
| 653 | _aAPRENDIZAJE SIGNIFICATIVO | ||
| 653 | _aDIVERSIDAD SOCIOCULTURAL | ||
| 653 | _aCONTENIDOS CONCEPTUALES | ||
| 653 | _aCONTENIDOS PROCEDIMENTALES | ||
| 653 | _aNIVEL INICIAL | ||
| 653 | _aEDUCACION GENERAL BASICA | ||
| 700 | 1 |
_aCalvo, Silvia Liliana _ecompilador |
|
| 700 | 1 |
_aSerulnicoff, Adriana E. _ecompilador |
|
| 700 | 1 |
_aSiede, Isabelino A. _ecompilador |
|
| 942 | _cBK | ||
| 998 | _cRaquel | ||
| 999 |
_c13759 _d13759 |
||